00573nam a2200145 i 4500001000300000100002400003245017100027260002100198650003400219700001900253040000800272041000800280008004100288856009800329bg1 aLATOUR, Stanisław.10aPowstanie i rozwój architektury współczesnej, narodziny nowej tradycji.nCz. 3.nT. 2,pWybitne indywidualności architektury XX wieku /cS. Latour, A. Szymski. aSzczecin,c1981. 9aArchitekturaxhistoriay20 w.1 aSZYMSKI, Adam. cBPK apol s pl f |000 0 pol  uhttp://koha.tu.koszalin.pl/cgi-bin/koha/opac-detail.pl?biblionumber=20991yKatalog online BPK